000 00554nam a2200217Ia 4500
003 OSt
005 20220928135548.0
006 a|||||r|||| 00| 0
007 ta
008 220927b |||||||| |||| 00| 0 eng d
024 _a3164
037 _cTextual
040 _aSDCL
_cSDCL
_beng
041 _2eng
_aeng
082 _aO-,1L88:g, G8
100 _aMarjarum Edward Wayne
_9491555
245 0 _aByrn as skeptic and believer
260 _c1938
942 _hO-,1L88:g, G8
_cTEXL
_2CC
999 _c806958
_d806958